| 000 | 01197nam a22003617a 4500 | ||
|---|---|---|---|
| 003 | CHAP | ||
| 005 | 20220329135952.0 | ||
| 008 | 971013s1970 r 00010 d | ||
| 010 | _a44911 | ||
| 011 | _a45883 | ||
| 035 | _a50023 | ||
| 040 | _cCHAP | ||
| 082 |
_a632 _bU76 1970 |
||
| 100 | 0 | 0 |
_aUrquijo Landaluze, Pedro. _9116982 |
| 245 |
_aPatología vegetal agrícola _b: enfermedades de las plantas |
||
| 250 | _a2 ed. | ||
| 260 |
_aMadrid : _bMundi-Prensa, _c1970 |
||
| 300 |
_a755 p. _b: ilus. |
||
| 500 | _aGlosario, p.651-668 | ||
| 504 | _aBibliografía, p. 669-686 | ||
| 590 |
_aBATCH-UPD _b10 _c20130110 _lUCH01 _h0101 |
||
| 590 |
_aBATCH-UPD _b10 _c20130110 _lUCH01 _h2009 |
||
| 590 |
_aBATCH-UPD _b10 _c20130410 _lUCH01 _h1328 |
||
| 590 |
_aBATCH-UPD _b10 _c20130914 _lUCH01 _h1414 |
||
| 590 |
_aCONVERSION _b10 _c20130109 _lUCH01 _h1325 |
||
| 650 | 1 | 4 |
_aFitopatología. _941161 |
| 700 | 0 |
_aRodríguez Sardiña, Juan. _998901 |
|
| 700 | 0 |
_aSantaolalla Azpilicueta, Gregorio. _9102305 |
|
| 901 | _aBK | ||
| 942 | _cLIBRO | ||
| 949 |
_a632 U76 1970 _bBC _cLIBRO _d-112610 _eLIBRO _h19260 _i50023 _si _t385.00 |
||
| 949 |
_a632 U76 1970 _bBC _cLIBRO _d-112611 _eLIBRO _fc.2 _h38402 _i50023 _si _t385.00 |
||
| 999 |
_c44911 _d44911 |
||